000 00466nam a22001577a 4500
005 20260408100053.0
008 260408b |||||||| |||| 00| 0 eng d
020 _a0684801825
082 _a332.1
_bSOL-T
100 _aSolomon, Steven
245 _aThe Confidence Game :
_bHow Unelected Central Bankers Are Governing the Changed Global Economy
260 _aUSA
_bUnited State of America
_c1995
300 _a606 p.
650 _aManagement Science
942 _cBK
999 _c47242
_d47242